[Event "Lund op"]
[Site "Lund"]
[Date "2016.04.12"]
[Round "7"]
[White "Bouaziz, Nejib"]
[Black "Ramel, Olof"]
[Result "1-0"]
[WhiteElo "2093"]
[BlackElo "2009"]
[PlyCount "125"]
[EventDate "2016.02.09"]
[EventType "swiss"]
[EventRounds "7"]
[EventCountry "SWE"]
[SourceTitle "EXT 2019"]
[Source "ChessBase"]
[SourceDate "2018.10.10"]
[SourceVersion "1"]
[SourceVersionDate "2018.10.10"]
[SourceQuality "1"]

1. e4 c6 2. d4 d5 3. Nc3 dxe4 4. Nxe4 Nf6 5. Ng5 Bf5 6. N5f3 Nbd7 7. h3 e6 8. Bd3 Bd6 9. Bxf5 Qa5+ 10. Bd2 Qxf5 11. Ne2 Ne4 12. Be3 0-0-0 13. Qd3 Bb4+ 14. Kf1 Bd6 15. Nh4 Qh5 16. Qxe4 Nf6 17. Qf3 Qxh4 18. g3 Qe4 19. Qxe4 Nxe4 20. Kg2 Rd7 21. Rhd1 Rhd8 22. Rd3 c5 23. dxc5 Bxc5 24. Rxd7 Rxd7 25. Bxc5 Nxc5 26. Nc3 Rd2 27. Rc1 a5 28. Kf3 Kc7 29. Ke3 Rd7 30. a3 e5 31. Rd1 Rxd1 32. Nxd1 Ne6 33. h4 Kc6 34. Ke4 f6 35. h5 b5 36. b4 a4 37. c3 Ng5+ 38. Kd3 f5 39. c4 bxc4+ 40. Kxc4 Ne4 41. b5+ Kb6 42. Kb4 f4 43. gxf4 exf4 44. Kxa4 Nf6 45. Kb4 Nxh5 46. a4 Nf6 47. a5+ Kc7 48. f3 g5 49. Kc5 g4 50. fxg4 Nxg4 51. a6 Ne5 52. b6+ Kb8 53. Nf2 f3 54. Kb5 h5 55. Ne4 f2 56. Nxf2 h4 57. a7+ Kb7 58. Ne4 Nd3 59. Nd6+ Ka8 60. Kc6 Nb4+ 61. Kc5 h3 62. Ne8 Na6+ 63. Kb5 1-0

[Event "Lund op"]
[Site "Lund"]
[Date "2016.03.29"]
[Round "6"]
[White "Madison, Sigurd"]
[Black "Ramel, Olof"]
[Result "0-1"]
[WhiteElo "1841"]
[BlackElo "2009"]
[PlyCount "62"]
[EventDate "2016.02.09"]
[EventType "swiss"]
[EventRounds "7"]
[EventCountry "SWE"]
[SourceTitle "EXT 2019"]
[Source "ChessBase"]
[SourceDate "2018.10.10"]
[SourceVersion "1"]
[SourceVersionDate "2018.10.10"]
[SourceQuality "1"]

1. Nf3 f5 2. d4 Nf6 3. c3 e6 4. Nbd2 Be7 5. Qc2 d5 6. Ne5 0-0 7. Ndf3 Ne4 8. e3 Nd7 9. Bd3 Ndf6 10. 0-0 Bd6 11. b3 Qe8 12. c4 c6 13. a4 Qe7 14. a5 a6 15. Ra4 g5 16. Ne1 g4 17. f3 Ng5 18. e4 Nd7 19. exf5 exf5 20. cxd5 cxd5 21. fxg4 Nxe5 22. dxe5 Bc5+ 23. Kh1 Ne4 24. Bxe4 fxe4 25. Rf6 Bd7 26. Bg5 Bxa4 27. h4 Qxe5 28. Qxc5 Rxf6 29. Bxf6 Qxf6 30. Qxd5+ Kh8 31. Qxe4 Re8 0-1

[Event "Lund op"]
[Site "Lund"]
[Date "2016.03.22"]
[Round "5"]
[White "Ramel, Olof"]
[Black "Bensryd, Hampus"]
[Result "1-0"]
[WhiteElo "2009"]
[BlackElo "1468"]
[PlyCount "93"]
[EventDate "2016.02.09"]
[EventType "swiss"]
[EventRounds "7"]
[EventCountry "SWE"]
[SourceTitle "EXT 2019"]
[Source "ChessBase"]
[SourceDate "2018.10.10"]
[SourceVersion "1"]
[SourceVersionDate "2018.10.10"]
[SourceQuality "1"]

1. e4 e5 2. Nf3 Nc6 3. Bb5 f5 4. d4 Nxd4 5. Nxd4 exd4 6. Qxd4 fxe4 7. Nc3 c6 8. Ba4 Nf6 9. Bg5 h6 10. Bh4 Be7 11. Nxe4 0-0 12. Nxf6+ Bxf6 13. Bxf6 Qxf6 14. Qxf6 Rxf6 15. f3 d5 16. 0-0-0 Bf5 17. Rhe1 Kf7 18. b4 a6 19. Re5 Re8 20. Rxe8 Kxe8 21. Rxd5 Ke7 22. Re5+ Kf7 23. Bb3+ Kf8 24. a4 Bd7 25. Kd2 Rd6+ 26. Ke2 g5 27. c3 Kg7 28. Re7+ Kf8 29. Rf7+ Ke8 30. Rh7 b5 31. a5 Bf5 32. Ra7 Bc8 33. Ke3 Kd8 34. Bc2 Re6+ 35. Be4 Rd6 36. Rh7 Bd7 37. g3 Ke8 38. Rh8+ Ke7 39. Ra8 c5 40. bxc5 Re6 41. Ra7 Kd8 42. Kd4 Rf6 43. c6 Bc8 44. Kc5 Re6 45. Bd5 Rf6 46. Rg7 Rf8 47. c7+ 1-0

[Event "SWE-chT 1415 Elite"]
[Site "Sweden"]
[Date "2015.03.20"]
[Round "7.5"]
[White "Ramel, Olof"]
[Black "Steneskog, Per"]
[Result "0-1"]
[WhiteElo "2015"]
[BlackElo "2213"]
[PlyCount "106"]
[EventDate "2014.11.21"]
[EventType "team-tourn"]
[EventRounds "9"]
[EventCountry "SWE"]
[SourceTitle "EXT 2016"]
[Source "ChessBase"]
[SourceDate "2015.10.08"]
[SourceVersion "1"]
[SourceVersionDate "2015.10.08"]
[SourceQuality "1"]
[WhiteTeam "Eksjo"]
[BlackTeam "Solna"]
[WhiteTeamCountry "SWE"]
[BlackTeamCountry "SWE"]

1. e4 e6 2. d4 d5 3. Nd2 Nf6 4. e5 Nfd7 5. c3 c5 6. Bd3 Nc6 7. Ne2 cxd4 8. cxd4 f6 9. exf6 Nxf6 10. 0-0 Bd6 11. Nf3 Qc7 12. Bg5 0-0 13. Rc1 h6 14. Bh4 Nh5 15. Bb1 g5 16. Bg3 Nxg3 17. fxg3 Qg7 18. Qd3 Bd7 19. h4 Be7 20. Ne5 Bf6 21. Ng6 Bxd4+ 22. Nxd4 Qxd4+ 23. Qxd4 Rxf1+ 24. Kxf1 Nxd4 25. Rc7 Bc6 26. Ne7+ Kf8 27. Ng6+ Kg8 28. Ne7+ Kf8 29. Ng6+ Ke8 30. Rh7 b6 31. Rxh6 gxh4 32. gxh4 Kd7 33. Ne5+ Kd6 34. Nxc6 Nxc6 35. h5 Ke5 36. Rg6 Ne7 37. Rg7 Kf6 38. Rh7 Nf5 39. Kf2 Kg5 40. Kf3 Nh4+ 41. Kg3 Nf5+ 42. Kh3 e5 43. g4 Ne3 44. Rg7+ Kf4 45. Bh7 Rc8 46. g5 Rc1 47. Kh2 e4 48. g6 Ng4+ 49. Kg2 Rc2+ 50. Kf1 Ke3 51. Rf7 Nh2+ 52. Kg1 Nf3+ 53. Kf1 Rf2# 0-1